Criton.

Gorde:
Xehetasun bibliografikoak
Egile nagusia: Platón (autor)
Beste egile batzuk: Rico Gómez, María (edición, traducción, notas, estudio preliminar)
Formatua: Liburua
Hizkuntza:gaztelania
Argitaratua: Madrid, España: Centro de Estudios Constitucionales, 1986.
Edizioa:3ª edición.
Saila:Clásicos Políticos
Gaiak:
Etiketak: Etiketa erantsi
Etiketarik gabe, Izan zaitez lehena erregistro honi etiketa jartzen!

MARC

LEADER 00000nam a2200000 a 4500
001 UCH1495
003 CL-VaPUC
005 20220822114455.0
008 090430e19860000SP |||||||||||||||||spa|d
999 |c 435843  |d 435841 
020 |a 84-259-0752-7 
040 |c Pontificia Universidad Católica de Valparaíso 
082 0 4 |a 184 PLA 1986  |2 21 
100 0 |a Platón  |e autor  |9 222 
245 1 0 |a Criton. 
250 |a 3ª edición. 
260 |a Madrid, España:  |b Centro de Estudios Constitucionales,   |c 1986. 
300 |a pag. irreg 
490 0 |a Clásicos Políticos 
500 |a c.1. Donación Familia Prof. Alejandro Guzmán Brito. 
583 |a last modification  |c 20121002 11:59:46  |k Cristina María Rojas Aguilar 
650 0 |a Platonismo  |9 265673 
650 0 |a Filosofía griega  |9 265579 
650 0 |a Filosofía antigua   |9 255705 
700 |a Rico Gómez, María  |e edición   |e traducción  |e notas   |e estudio preliminar  |9 870352 
942 |c BK  |2 ddc  |n 0 
952 |0 0  |1 0  |2 ddc  |4 0  |6 184_000000000000000_PLA_1986  |7 0  |8 C_AGB  |9 583501  |a BIBDER  |b BIBDER  |d 2022-06-07  |e Donación   |i 5651631  |o 184 PLA 1986  |p 5651631  |r 2023-01-25  |t 1  |w 2022-06-07  |y BK_US  |k AGB